000 00790nam a2200229 a 4500
001 000012270
005 20240530073913.0
008 091110s2000 dr a r 000 f spa d
020 _a8484009548
040 _aDO-SdBNP
_bspa
_cBNPHU
082 _aRD863.44
_bD668m
100 1 _aDomenech Soto, Elba
_924921
245 1 0 _aMar de sangre :
_buna historia hecha novela /
_cElba Domenech Soto ; prólogo Efrem Ballenilla.
260 _aSanto Domingo :
_bTaller,
_c2000.
300 _a143 p. :
_bil. ;
_c21 cm.
500 _aIncluye datos biográficos del autor en la contracubierta.
590 _aInventariado, 2019/VM
650 0 _aNovela dominicana
_9223
650 0 _aLiteratura dominicana.
_967
700 1 2 _aBallenilla, Efrem,
_epról.
_928918
910 _aValidado. Control de calidad MFF
999 _c11928
_d11928